The future of human resource management : (Record no. 3877)

MARC details
000 -LEADER
fixed length control field 00682nam a2200193 ar4500
001 - CONTROL NUMBER
control field 3879
005 - DATE AND TIME OF LATEST TRANSACTION
control field 20221127090829.0
008 - FIXED-LENGTH DATA ELEMENTS--GENERAL INFORMATION
fixed length control field 140605s xxua 00110|eng d
020 ## - INTERNATIONAL STANDARD BOOK NUMBER
International Standard Book Number 0471677914(hpb)
245 04 - TITLE STATEMENT
Title The future of human resource management :
Remainder of title 64 thought leaders explore the critical HR issues ... /
Statement of responsibility, etc. edited by M. Losey, S. Meisinger, D. Ulrich.
260 ## - PUBLICATION, DISTRIBUTION, ETC.
Place of publication, distribution, etc. Hoboken, NJ :
Name of publisher, distributor, etc. John Wiley,
Date of publication, distribution, etc. 2005.
300 ## - PHYSICAL DESCRIPTION
Extent xxiii, 424 p. :
Other physical details ill. ;
Dimensions 23 cm.
504 ## - BIBLIOGRAPHY, ETC. NOTE
Bibliography, etc. note Includes bibl. references and index.
650 #4 - SUBJECT ADDED ENTRY--TOPICAL TERM
Topical term or geographic name entry element Personnel management.
650 #4 - SUBJECT ADDED ENTRY--TOPICAL TERM
Topical term or geographic name entry element Employees.
700 0# - ADDED ENTRY--PERSONAL NAME
Personal name Losey, Michael,
Relator term editor.
700 0# - ADDED ENTRY--PERSONAL NAME
Personal name Meisinger, Sue,
Relator term jt. ed.
700 0# - ADDED ENTRY--PERSONAL NAME
Personal name Ulrich, Dave,
Relator term jt. ed.
Holdings
Withdrawn status Lost status Source of classification or shelving scheme Damaged status Not for loan Home library Current library Date acquired Total Checkouts Full call number Barcode Date last seen Copy number Price effective from Koha item type
              11/27/2022   658.3 F989 2005 10000000013134 11/27/2022 C1 11/27/2022 Book